| 000 | 00811nam a2200277 a 4500 | ||
|---|---|---|---|
| 001 | 43025 | ||
| 003 | BD-RjUL | ||
| 005 | 20211209053631.0 | ||
| 008 | 160618s1968 enka 001 0 eng | ||
| 020 | _a052109514X | ||
| 035 | _a(BD-RjUL)43143 | ||
| 035 | _a2102077 | ||
| 040 |
_aLC _beng _cLC _dSSL |
||
| 041 | _aeng | ||
| 082 | 0 | 4 |
_a325.342 _bCAB 1968 |
| 100 | 1 |
_aCarrington, Charles E. _q(Charles Edmund), _d1897- _9132113 |
|
| 245 | 1 | 4 |
_aThe British overseas : _bexploits of a nation of shopkeepers / _cby C. E. Carrington. |
| 250 | _a2nd ed. | ||
| 260 |
_aLondon : _bCambridge U.P., _c1968 |
||
| 300 |
_av. : _bill. ; _c21 cm. |
||
| 500 | _aIncludes index | ||
| 505 | 0 | _apt. 1: Making of the empire. | |
| 651 | 0 |
_aGreat Britain _xColonies _xHistory. _9132114 |
|
| 942 |
_2ddc _cBK |
||
| 999 |
_c43025 _d43025 |
||